antonymes trop fun film - Statistiques

Statistiques générales
  • Ce quiz a été pris 164 fois
  • Le résultat moyen est 4 sur 11
Statistiques - réponses
Hint Réponse % Correct
la guitariste le pianiste
93%
Corsaire des Antilles : la bénédiction du White String Pirates des Caraïbes : la malédiction du Black pearl
66%
les pointillés verts La ligne rouge
54%
Empty Wood Tshirt Full metal jacket
39%
pardisio Inferno
35%
Marie Poppins et le désordre du pigeon Harry Potter et l'ordre du Phénix
28%
Poitiers Dunkerque
17%
5,2916666666666 jours 127 heures
15%
red leather blue Velvet
11%
prhhh snatch
5%
posed taken
5%
Aucun quiz correspondant
Distribution des résultats
% des personnes avec chaque résultat
Percentile par nombre de réponses
Votre historique - résultats
Vous n’avez pas pris ce quiz